Представление документа в формате MARC21

Поле Инд. ПП Название Значение
Тип записи a
Библиографический уровень m
001 Контрольный номер ebcb0be8aeac42d581fe8d91153d33f4
005 Дата корректировки 20251021095542.5
020 a ISBN 978-985-543-760-5
040 b Код языка каталог. rus
e Правила каталог. PSBO
041 0_ a Код языка текста rus
080 a Индекс УДК 004.42(076.5)
084 a Индекс другой классификации/Индекс ББК 32.973я73
090 a Полочн. индекс 681.3
x Авторский знак О-29
097 b Оператор 03
245 10 a Заглавие Объектно-ориентированное проектирование и программирование. Лабораторный практикум
b Продолж. заглавия пособие
260 a Место издания Минск
b Издательство БГУИР
c Дата издания 2025
300 e Сопроводительные материалы ил.
336 a Термин вида содержания Текст
337 a Термин типа средства непосредственный
440 _0 a Серия Кафедра проектирования информационно-компьютерных систем
510 0_ a Примечание о ссылках Книги и методические пособия
650 04 a Основная рубрика 50.41 Программное обеспечение вычислительных машин, комплексов и сетей
x Основная подрубрика 50.41.17 Системное программное обеспечение
653 0_ a Ключевые слова объектно-ориентированное программирование; паттерны проектирования; графические интерфейсы; многопоточное программирование
700 12 a Другие авторы Хорошко В. В.
700 12 a Другие авторы Горбач А. П.
700 12 a Другие авторы Бруй Н. М.
700 12 a Другие авторы Ларькин А. Д.
700 12 a Другие авторы Куприянов Н. И.
700 12 a Другие авторы Писарчик А. Ю.
700 12 a Другие авторы Листратенко Н. В.
700 12 a Другие авторы Горох П. И.
700 12 a Другие авторы Гриб А. С.
700 12 a Другие авторы Проходский Д. В.
856 40 u URL https://libeldoc.bsuir.by/bitstream/123456789/61607/1/Horoshko_Obektno.pdf
901 t Тип документа m
952 b Гриф литературы для ВШ Рек. УМО
990 j Количество экземпляров (DOS) 20